000 00489nam a2200193Ia 4500
008 151121s9999||||xx |||||||||||||| ||und||
082 _aC। S।
082 _bHNW-32068
100 _aMajumdar Lila
245 4 _aThe Story Of Our Rivers
260 _b"National Book Trust- India, N।Delhi"
260 _c--
300 _a64
600 _aMajumdar Lila
630 _aThe Story Of Our Rivers
700 _aMajumdar Lila
730 _aThe Story Of Our Rivers
942 _cBOOK
999 _c1225833
_d1225830